Statistics for Venusaur Moveset

Click here to take the quiz!

General Stats

  • This quiz has been taken 7 times
  • The average score is 17 of 31

Answer Stats

HintAnswer% Correct
Lvl 14Poison Powder
100%
Lvl 31Razor Leaf
100%
Lvl 14Sleep Powder
100%
Sludge Bomb
100%
Lvl 71Solar Beam
100%
Solar Beam
100%
Tackle
100%
Growl
80%
Leech Seed
80%
Lvl 9Leech Seed
80%
Mega Drain
80%
Lvl 22Take Down
80%
Lvl 5Vine Whip
80%
Vine Whip
80%
Earthquake
60%
Lvl 44Growth
60%
Rest
60%
Toxic
60%
Lvl 58Double-Edge
40%
Hyper Beam
40%
Protect
40%
Substitute
40%
Power Whip
20%
Reflect
20%
Amnesia
0%
Facade
0%
TMHeadbutt
0%
Light Screen
0%
Outrage
0%
Upon EvolvingPetal Dance
0%
Lvl 1Petal Dance
0%

Score Distribution

Percentile by Number Answered

Percent of People with Each Score

Your Score History

You have not taken this quiz